000 01319nam0a22003011 4500
001 rc\4403786
005 20260406155315.0
035 _a(NLR Aleph) 008299360
090 _a8626120
_c8626120
100 _a20130416d1958 |||y0rusy50 ca
101 0 _arus
102 _aRU
105 _aa e |||||
200 1 _aТектонический словарь
_e(Первая группа терминов)
_eПроект
_fСост.: А.В. Долицкий, В.П. Колчанов
_gПод ред. В.Е. Хаина и С.С. Шульца
_gМеждунар. геол. конгресс. Комиссия по геол. карте мира. Подкомиссия по тектонической карте мира
210 _aМосква
_cБ. и.
_d1958
215 _a[1], VI, 69 с.
_cил.
_d28
300 _aНа обл. сост. не указаны
300 _aЛитогр.
700 1 _aДолицкий
_bА.В.
_gАлександр Владимирович
_4220
701 1 _aКолчанов
_bВ.П.
_4220
702 1 _4340
_7ca
_8rus
_aХаин
_bВ. Е.
_f1914-2009
_gВиктор Ефимович
_3RU\NLR\AUTH\777562
_9117495
702 1 _aШульц
_bС.С.
_4340
801 0 _aRU
_bNLR
_gpsbo
801 1 _aRU
_bELAR
_2rusmarc
852 _aNLR
_jС191-186/Д64
942 _cBOOK
980 _aNB